000 01088nam a22002657i 4500
003 EG-ScBUE
005 20260415100311.0
008 111124s1964 ua b frb 00 0 ara dd
040 _aEG-ScBUE
_bara
_erda
_cEG-ScBUE
_dEG-ScBUE
082 0 4 _a551.48362
_bع ب د
_222
100 1 _927860
_aعبده، علي إبراهيم،
_eمؤلف.
245 1 2 _aالنهر الخالد /
_cتأليف علي إبراهيم عبده ؛ تقديم الدكتور محمد عبد القادر حاتم.
264 1 _a[القاهرة] :
_bالدار القومية للطباعة والنشر،
_c[1964]
300 _a326 صفحة :
_bخرائط ؛
_c22 سم
336 _2rdacontent
_aنص
_btxt
337 _aبدون وسيط
_2rdamedia
_bn
338 _aمجلد
_bnc
_2rdacarrier
500 _aتاريخ النشر من المقدمة.
504 _aيشتمل على إرجاعات ببليوجرافية.
650 7 _923856
_aنهر النيل.
_2BUEsh
653 _cNovember2011
655 _vReading book
700 1 _aحاتم، محمد عبد القادر،
_eمقدم.
942 _2ddc
_cBB
999 _c16253
_d16253